Albert N. : (Record no. 3165)
[ view plain ]
| 000 -LEADER | |
|---|---|
| fixed length control field | 00460nam a22001697a 4500 |
| 003 - CONTROL NUMBER IDENTIFIER | |
| control field | OSt |
| 005 - DATE AND TIME OF LATEST TRANSACTION | |
| control field | 20140310181750.0 |
| 008 - FIXED-LENGTH DATA ELEMENTS--GENERAL INFORMATION | |
| fixed length control field | 130626t xxu||||| |||| 00| 0 eng d |
| 050 ## - LIBRARY OF CONGRESS CALL NUMBER | |
| Classification number | RC 464 |
| Item number | .P438 1976 |
| 082 ## - DEWEY DECIMAL CLASSIFICATION NUMBER | |
| Classification number | FIL 306.76 |
| Item number | PE41 1976 |
| 100 ## - MAIN ENTRY--PERSONAL NAME | |
| Personal name | Perez, Tony |
| 245 ## - TITLE STATEMENT | |
| Title | Albert N. : |
| Remainder of title | a case study by Tony Perez / |
| Statement of responsibility, etc | Tony Perez. |
| 260 ## - PUBLICATION, DISTRIBUTION, ETC. (IMPRINT) | |
| Place of publication, distribution, etc | Manila Philippines : |
| Name of publisher, distributor, etc | Journal Press. |
| Date of publication, distribution, etc | 1976. |
| 300 ## - PHYSICAL DESCRIPTION | |
| Extent | 182 p. |
| Dimensions | 18 cm. |
| 942 ## - ADDED ENTRY ELEMENTS (KOHA) | |
| Source of classification or shelving scheme | Library of Congress Classification |
| Koha item type | Books |
| Withdrawn status | Lost status | Source of classification or shelving scheme | Damaged status | Home library | Current library | Shelving location | Date acquired | Total Checkouts | Full call number | Barcode | Date last seen | Copy number | Price effective from | Koha item type |
|---|---|---|---|---|---|---|---|---|---|---|---|---|---|---|
| Library of Congress Classification | Luxembourg Library | Luxembourg Library | Filipiniana Section | 06/26/2013 | RC 464 .P438 1976 | 9632 | 08/13/2013 | 1 | 06/26/2013 | Books |